[Event "Indywidualne Mistrzostwa Polski Juniorow do lat 18 - Chlopcy"]
[Site "Szklarska Poreba"]
[Date "1899-12-30"]
[Round "2.5"]
[White "Lukasiewicz, Krzysztof"]
[Black "Chylewski, Patryk"]
[Result "0-1"]
[WhiteTitle "k"]
[BlackTitle "FM"]
[WhiteElo "2155"]
[BlackElo "2312"]

1. d4 Nf6 2. Bf4 g6 3. Nc3 d5 4. e3 a6 5. Be2 Bg7 6. h4 h5 7. Nf3 b6 8. Ne5 Bb7
9. Bf3 Nbd7 10. Qd3 Nxe5 11. Bxe5 Qd7 12. O-O-O O-O 13. Rdg1 Qe6 14. Bxf6 Qxf6
15. Bxd5 Bxd5 16. Nxd5 Qd6 17. Nc3 c5 18. dxc5 Qxc5 19. Nd1 Rfd8 20. Qe4 Rac8
21. g4 hxg4 22. c3 Qd6 23. h5 Bxc3 24. Nxc3 Rxc3+ 25. bxc3 Qa3+ 26. Kb1 Rd2 27.
Qc2 Rxc2 28. Kxc2 Qxa2+ 29. Kd3 Qd5+ 30. Kc2 gxh5 31. Rh2 Qa2+ 32. Kd3 f5 33.
Rgh1 Kf7 34. Rxh5 Qxf2 35. Rh7+ Ke8 36. Rg7 Qf3 37. Rhh7 Qe4+ 38. Kd2 Kd7 39.
c4 a5 40. Rf7 a4 41. Rh5 a3 0-1

[Event "Indywidualne Mistrzostwa Polski Juniorow do lat 18 - Chlopcy"]
[Site "Szklarska Poreba"]
[Date "1899-12-30"]
[Round "2.6"]
[White "Wierzbicki, Michal"]
[Black "Kowalski, Igor"]
[Result "1/2-1/2"]
[WhiteTitle "I+"]
[BlackTitle "FM"]
[WhiteElo "1919"]
[BlackElo "2308"]

1. d4 Nf6 2. Nf3 g6 3. c4 Bg7 4. Nc3 d6 5. Bg5 Nbd7 6. e3 O-O 7. Be2 c6 8. O-O
h6 9. Bh4 g5 10. Bg3 Nh5 11. Nd2 Nxg3 12. hxg3 f5 13. Qc2 e5 14. dxe5 dxe5 15.
g4 Nc5 16. gxf5 Bxf5 17. Nde4 Qe8 18. g4 Bh7 19. b4 Nxe4 20. Nxe4 Rd8 21. Rad1
Qg6 22. f3 h5 23. gxh5 Qxh5 24. Rxd8 Rxd8 25. Kg2 Bf5 26. Nf6+ Bxf6 27. Qxf5 Rd2
28. Qxf6 Rxe2+ 29. Rf2 Rxf2+ 30. Kxf2 Qh2+ 31. Kf1 Qxa2 32. Qxg5+ Kh7 33. Qf5+
Kh6 34. Qf6+ Kh7 35. Qf7+ Kh6 36. Qf6+ 1/2-1/2

[Event "Indywidualne Mistrzostwa Polski Juniorow do lat 18 - Chlopcy"]
[Site "Szklarska Poreba"]
[Date "1899-12-30"]
[Round "2.7"]
[White "Jordan, Adam"]
[Black "Nowak, Mikolaj"]
[Result "1/2-1/2"]
[WhiteTitle "I"]
[BlackTitle "I++"]
[WhiteElo "1842"]
[BlackElo "2254"]

1. d4 Nf6 2. Nf3 e6 3. Bf4 b6 4. e3 Bb7 5. Nbd2 Be7 6. Bd3 Nh5 7. Bg3 Nxg3 8. hxg3
h6 9. Qe2 c5 10. c3 Nc6 11. O-O O-O 12. a3 d5 13. b4 Bf6 14. Rab1 cxb4 15. cxb4
Rc8 16. Rfc1 Qe7 17. Nb3 g6 18. b5 Nb8 19. Qb2 Nd7 20. a4 e5 21. Bf1 e4 22. Ne1
Nc5 23. Qa2 Nxb3 24. Qxb3 Qd6 25. Nc2 Be7 26. a5 bxa5 27. Qa4 Bd8 28. Na1 Bb6
29. Nb3 Rxc1 30. Rxc1 Rc8 31. Rxc8+ Bxc8 32. Nxa5 Bd7 33. Nc6 Bxc6 34. bxc6 a5
35. Be2 h5 36. Bd1 Bc7 37. Kf1 Kg7 38. Bb3 Kf6 1/2-1/2

[Event "Indywidualne Mistrzostwa Polski Juniorow do lat 18 - Chlopcy"]
[Site "Szklarska Poreba"]
[Date "1899-12-30"]
[Round "2.8"]
[White "Kokoszczynski, Jan"]
[Black "Szydelko, Michal"]
[Result "1-0"]
[WhiteTitle "k"]
[BlackTitle "I"]
[WhiteElo "2239"]
[BlackElo "1764"]

1. Nf3 Nf6 2. c4 e6 3. g3 Be7 4. Bg2 O-O 5. O-O d5 6. d4 c6 7. Qc2 Nbd7 8. Nbd2
Re8 9. e4 dxe4 10. Nxe4 Nxe4 11. Qxe4 Nf6 12. Qe2 c5 13. Rd1 Qb6 14. dxc5 Bxc5
15. Ne5 Bd4 16. Bf4 Bxe5 17. Bxe5 Nd7 18. Bc3 e5 19. b4 Nf8 20. c5 Qc7 21. Rd6
Bd7 22. Bxe5 Ng6 23. f4 Nxe5 24. fxe5 Bc6 25. Bxc6 bxc6 26. Rad1 a5 27. a3 axb4
28. axb4 Rab8 29. Rd7 Qxe5 30. Qxe5 Rxe5 31. Rd8+ Re8 32. Rxe8+ Rxe8 33. Rd6 Rc8
34. Rd7 Kf8 35. Rb7 g6 36. Kf2 Re8 37. Kf3 Kg7 38. Rb6 Rc8 39. Ke4 Kf6 40. b5
Ke7 41. Rxc6 Rxc6 42. bxc6 Ke6 43. c7 Kd7 44. Ke5 f5 45. Kf6 Kxc7 46. h4 Kc6 47.
Kg7 1-0

[Event "Indywidualne Mistrzostwa Polski Juniorow do lat 18 - Chlopcy"]
[Site "Szklarska Poreba"]
[Date "1899-12-30"]
[Round "2.9"]
[White "Kosakowski, Jakub"]
[Black "Polczyk, Mikolaj"]
[Result "1-0"]
[WhiteTitle "FM"]
[BlackTitle "k"]
[WhiteElo "2389"]
[BlackElo "2131"]

1. e4 c5 2. Nf3 d6 3. Bb5+ Bd7 4. Bxd7+ Qxd7 5. c4 Nc6 6. d4 cxd4 7. Nxd4 g6 8.
Nc3 Bg7 9. Be3 Nf6 10. f3 O-O 11. O-O a6 12. Na4 Rab8 13. Nxc6 bxc6 14. Rc1 Qe6
15. Qd3 c5 16. b3 Nd7 17. Nc3 Ne5 18. Qd2 Nc6 19. Bh6 Qe5 20. Bxg7 Kxg7 21. Kh1
Nb4 22. Rcd1 Qh5 23. f4 Nc6 24. Nd5 Nd4 25. f5 e6 26. f6+ Kh8 27. Ne7 Ra8 28.
Qc1 Ne2 29. Qe3 Nd4 30. Rd3 Qe2 31. Qxe2 Nxe2 32. Rxd6 Rfd8 33. Rfd1 Rxd6 34.
Rxd6 Nc3 35. e5 Nxa2 36. Rd7 Nc1 37. Nc6 Rf8 38. Na5 Kg8 39. Rd1 Ne2 40. Nb7 Nc3
41. Rd7 Ne4 42. Kg1 Rc8 43. Nd8 Kf8 44. Nxf7 Rb8 45. Nh6 Ke8 46. Re7+ Kd8 47.
Nf7+ 1-0

[Event "Indywidualne Mistrzostwa Polski Juniorow do lat 18 - Chlopcy"]
[Site "Szklarska Poreba"]
[Date "1899-12-30"]
[Round "2.10"]
[White "Oglaza, Oskar"]
[Black "Galuszka, Tomasz"]
[Result "1-0"]
[WhiteTitle "FM"]
[BlackTitle "I++"]
[WhiteElo "2342"]
[BlackElo "2016"]

1. e4 c6 2. d4 d5 3. exd5 cxd5 4. Bd3 Nc6 5. c3 Nf6 6. h3 g6 7. Nf3 Qc7 8. Bg5
Bg7 9. O-O O-O 10. Re1 Bf5 11. Bxf5 gxf5 12. Qc1 Ne4 13. Bh6 Bxh6 14. Qxh6 Qd6
15. Qxd6 Nxd6 16. Ne5 Nxe5 17. dxe5 Nc4 18. b3 Nb6 19. Nd2 e6 20. f4 Rfc8 21.
Re3 Kf8 22. Rd3 Rc7 23. g4 Rac8 24. Rc1 fxg4 25. hxg4 Nd7 26. Kg2 b5 27. Rh3 Ke7
28. g5 Nf8 29. Rd3 Ng6 30. Kg3 Rh8 31. Nf3 h6 32. gxh6 Rxh6 33. f5 Nf8 34. Nd4
a6 35. Re1 Ke8 36. Rf3 Rh8 37. Ref1 Rg8+ 38. Kf4 Rh8 39. Rg1 Rh4+ 40. Rg4 Rxg4+
41. Kxg4 Ke7 42. Kf4 Rc8 43. Rg3 exf5 44. Nxf5+ Ke6 45. Nd4+ Ke7 46. Rh3 Rc7 47.
Kf5 Ne6 48. Rh6 Ng7+ 49. Kg5 b4 50. Nc6+ Rxc6 51. Rxc6 Kd7 52. Rd6+ 1-0

[Event "Indywidualne Mistrzostwa Polski Juniorow do lat 18 - Chlopcy"]
[Site "Szklarska Poreba"]
[Date "1899-12-30"]
[Round "2.11"]
[White "Sernecki, Franciszek"]
[Black "Woloch, Oskar"]
[Result "1-0"]
[WhiteTitle "I++"]
[BlackTitle "k"]
[WhiteElo "2334"]
[BlackElo "2032"]

1. d4 c5 2. e3 Nf6 3. Nf3 d5 4. b3 Bg4 5. Be2 Nc6 6. O-O e6 7. Bb2 Be7 8. Nbd2
O-O 9. h3 Bh5 10. Ne5 Bxe2 11. Qxe2 Qb6 12. c4 cxd4 13. Nxc6 bxc6 14. Bxd4 c5
15. Bb2 a5 16. cxd5 exd5 17. e4 d4 18. a4 Rfe8 19. Qd3 Rab8 20. Rac1 Bf8 21. Rc2
Qb7 22. f3 Bd6 23. Rb1 Nh5 24. Nc4 Bf4 25. Bc1 Bc7 26. Bd2 Qa6 27. e5 g6 28. f4
f6 29. Re1 Qb7 30. Rb2 Qd5 31. Qe4 Qxe4 32. Rxe4 Ng3 33. Re1 fxe5 34. fxe5 d3
35. Bxa5 Ne2+ 36. Kh2 Bxe5+ 37. Nxe5 Rxe5 38. Bc7 Ree8 39. Bxb8 Rxb8 40. a5 c4
41. a6 c3 42. Rbxe2 dxe2 43. Rxe2 Ra8 44. Ra2 c2 45. Rxc2 Rxa6 46. Rf2 Ra1 47.
Rb2 Ra5 48. Re2 Ra1 49. Re7 Rb1 50. Rb7 Rb2 51. Kg3 Re2 52. Kf3 Rc2 53. g3 Rc3+
54. Kf4 g5+ 55. Kg4 h5+ 56. Kxg5 Rxg3+ 57. Kh4 Rc3 58. b4 Rb3 59. b5 Kf8 60. b6
Rb5 61. Kg3 Rb3+ 62. Kf4 Ke8 63. Kg5 Rxh3 64. Rh7 Rg3+ 65. Kh4 Rb3 66. b7 Kd8
67. Kxh5 Rb5+ 68. Kg4 Rb4+ 69. Kf5 Rb1 70. Ke6 Re1+ 71. Kd6 Rd1+ 72. Kc6 Rc1+
73. Kb6 Rb1+ 74. Ka7 Ra1+ 75. Kb8 Rd1 76. Rh6 Kd7 77. Ra6 Rb1 78. Ka8 Kc7 79.
Ra7 1-0

[Event "Indywidualne Mistrzostwa Polski Juniorow do lat 18 - Chlopcy"]
[Site "Szklarska Poreba"]
[Date "1899-12-30"]
[Round "2.12"]
[White "Szpar, Milosz"]
[Black "Kukorowski, Jan"]
[Result "1-0"]
[WhiteTitle "FM"]
[BlackTitle "I+"]
[WhiteElo "2311"]
[BlackElo "1719"]

1. c4 f5 2. Nf3 Nf6 3. g3 g6 4. Bg2 Bg7 5. Nc3 O-O 6. d3 d6 7. e4 fxe4 8. dxe4
Nc6 9. h3 e5 10. O-O Be6 11. b3 Nd4 12. Nxd4 exd4 13. Nd5 Nxd5 14. exd5 d3 15.
Rb1 Bf5 16. Bd2 h5 17. b4 Qd7 18. Kh2 Rae8 19. Be3 Kh7 20. Qd2 Qa4 21. Rb3 Rf7
22. c5 dxc5 23. bxc5 b6 24. Rc1 Bf8 25. d6 Rc8 26. Bd5 Rg7 27. cxb6 cxb6 28. Rxc8
Bxc8 29. Rxd3 Bxd6 30. Bb3 Qd7 31. Rxd6 Qxh3+ 32. Kg1 Ba6 33. Qd1 1-0

[Event "Indywidualne Mistrzostwa Polski Juniorow do lat 18 - Chlopcy"]
[Site "Szklarska Poreba"]
[Date "1899-12-30"]
[Round "2.13"]
[White "Garbowski, Jakub"]
[Black "Dzwierzynski, Bartosz"]
[Result "1/2-1/2"]
[WhiteTitle "k"]
[BlackTitle "I"]
[WhiteElo "2151"]
[BlackElo "1942"]

1. e4 c5 2. Nf3 d6 3. d4 cxd4 4. Nxd4 Nf6 5. Nc3 g6 6. Be3 Bg7 7. f3 Nc6 8. Qd2
O-O 9. O-O-O d5 10. exd5 Nxd5 11. Nxc6 bxc6 12. Bd4 Nxc3 13. Qxc3 Bh6+ 14. Be3
Bxe3+ 15. Qxe3 Qb6 16. Qxe7 Be6 17. Qa3 a5 18. Bd3 Qb4 19. Be4 Qxa3 20. bxa3 Rfc8
21. Rd6 Ra6 22. Rhd1 Kf8 23. Rd8+ Rxd8 24. Rxd8+ Ke7 25. Rb8 Bxa2 26. Rb7+ Kd6
27. Kb2 Be6 28. Kc3 Kc5 29. Bd3 Ra8 30. a4 h5 31. h4 Bd5 32. Re7 1/2-1/2

[Event "Indywidualne Mistrzostwa Polski Juniorow do lat 18 - Chlopcy"]
[Site "Szklarska Poreba"]
[Date "1899-12-30"]
[Round "2.14"]
[White "Burzak, Wojciech"]
[Black "Jarzebowski, Kacper"]
[Result "0-1"]
[WhiteTitle "I"]
[BlackTitle "I++"]
[WhiteElo "1666"]
[BlackElo "2079"]

1. e4 c5 2. Nf3 a6 3. c4 d6 4. d4 Nf6 5. Nc3 cxd4 6. Nxd4 e6 7. Be2 Nbd7 8. O-O
b6 9. Be3 Bb7 10. f3 Be7 11. Rc1 Rc8 12. Nc2 O-O 13. Qd2 Qc7 14. Rfd1 Qb8 15.
Bf4 Ne5 16. Bxe5 dxe5 17. Qe1 Qc7 18. Rd2 Nh5 19. Rcd1 Bc6 20. Bf1 Rfd8 21. Rxd8+
Rxd8 22. Rxd8+ Qxd8 23. Qd1 Bc5+ 24. Kh1 Qh4 25. Ne2 f5 26. g3 Qe7 27. Bg2 Nf6
28. Nc3 h5 29. Qe1 g6 30. Qd2 Kg7 31. a3 a5 32. Ne1 Qb7 33. Qe2 Bd4 34. exf5 exf5
35. Nd3 e4 36. fxe4 Bxc3 37. bxc3 Bxe4 38. c5 bxc5 39. Nxc5 Qb1+ 0-1

[Event "Indywidualne Mistrzostwa Polski Juniorow do lat 18 - Chlopcy"]
[Site "Szklarska Poreba"]
[Date "1899-12-30"]
[Round "2.15"]
[White "Pacan-milej, Kosma"]
[Black "Marczak, Szymon"]
[Result "1-0"]
[WhiteTitle "FM"]
[BlackTitle "I++"]
[WhiteElo "2265"]
[BlackElo "1931"]

1. d4 b6 2. e4 Bb7 3. Bd3 e6 4. Ne2 d5 5. e5 c5 6. c3 Ne7 7. O-O Nec6 8. Nd2 a5
9. Nf3 Be7 10. Be3 Ba6 11. Bc2 Nd7 12. Rc1 Rc8 13. a3 b5 14. Re1 cxd4 15. Nexd4
Nxd4 16. Nxd4 g6 17. f4 Nb6 18. f5 gxf5 19. Qh5 Kd7 20. Qxf7 Qg8 21. Qxe6+ Qxe6
22. Nxe6 Kxe6 23. Bxb6 Bc5+ 24. Bxc5 Rxc5 25. Bd3 Rc6 26. Rf1 Rf8 27. g4 Kxe5
28. Rce1+ Kd6 29. Rxf5 Rxf5 30. gxf5 Bc8 31. f6 Rc7 32. Rf1 Rf7 33. Bxh7 Ke5 34.
Bg8 1-0

[Event "Indywidualne Mistrzostwa Polski Juniorow do lat 18 - Chlopcy"]
[Site "Szklarska Poreba"]
[Date "1899-12-30"]
[Round "2.16"]
[White "Posluszny, Tomasz"]
[Black "Wyczling, Bartosz"]
[Result "0-1"]
[WhiteTitle "I+"]
[BlackTitle "k"]
[WhiteElo "1906"]
[BlackElo "2215"]

1. d4 f5 2. g3 Nf6 3. Bg2 g6 4. Nf3 Bg7 5. O-O O-O 6. c4 d6 7. Nc3 Qe8 8. d5 Na6
9. Nd4 Bd7 10. Ne6 Bxe6 11. dxe6 c6 12. e4 fxe4 13. Re1 Nc5 14. Nxe4 Nfxe4 15.
Bxe4 Rf6 16. Rb1 Rxe6 17. Bc2 Rxe1+ 18. Qxe1 Qf7 19. b4 Ne6 20. Bd3 Nd4 21. Qe3
Qf3 22. Qxf3 Nxf3+ 23. Kh1 Bd4 24. Be3 Bxe3 25. fxe3 Ne5 26. Be2 Kf7 27. Kg2 Ke6
28. Rb3 Kd7 29. e4 Rf8 30. Ra3 a6 31. b5 axb5 32. cxb5 c5 33. Rb3 Ra8 34. a3 Ra4
35. Re3 Kc7 0-1

[Event "Indywidualne Mistrzostwa Polski Juniorow do lat 18 - Chlopcy"]
[Site "Szklarska Poreba"]
[Date "1899-12-30"]
[Round "2.17"]
[White "Lis, Mateusz"]
[Black "Kawalko, Adam"]
[Result "0-1"]
[WhiteTitle "k"]
[BlackTitle "I+"]
[WhiteElo "2156"]
[BlackElo "1876"]

1. e4 c5 2. Nf3 d6 3. d4 cxd4 4. Nxd4 Nf6 5. Nc3 a6 6. Be3 e5 7. Nf3 Qc7 8. a4
Be7 9. a5 Nbd7 10. Bd3 O-O 11. O-O b5 12. axb6 Nxb6 13. Qe2 a5 14. Nd2 Be6 15.
Nb5 Qc6 16. c4 Rfb8 17. Rfc1 Nfd7 18. b3 Nc5 19. Bc2 Rf8 20. f3 f5 21. Ra3 f4
22. Bf2 Ra6 23. Nb1 Rfa8 24. N1c3 a4 25. Nd5 Bd8 26. b4 Ncd7 27. Bd3 Kh8 28. Nd4
exd4 29. b5 Qc5 30. Qb2 Ne5 31. bxa6 Nbxc4 32. Bxc4 Nxc4 33. Rxc4 Qxc4 34. Bxd4
Bxd5 35. Bxg7+ Kg8 36. Bh8 Bb6+ 37. Qxb6 Qc1+ 38. Kf2 Qd2+ 0-1

[Event "Indywidualne Mistrzostwa Polski Juniorow do lat 18 - Chlopcy"]
[Site "Szklarska Poreba"]
[Date "1899-12-30"]
[Round "2.18"]
[White "Golenia, Jan"]
[Black "Niemier, Hubert"]
[Result "1-0"]
[WhiteTitle "I++"]
[BlackTitle "I"]
[WhiteElo "2041"]
[BlackElo "1801"]

1. d4 Nf6 2. c4 e6 3. g3 Be7 4. Bg2 O-O 5. Nf3 b6 6. Ne5 d5 7. Nc3 Bb7 8. O-O Nbd7
9. Bf4 c6 10. cxd5 cxd5 11. Nd3 Nb8 12. Rc1 Nc6 13. Ne5 Rc8 14. Qd2 a6 15. Nxc6
Bxc6 16. Rc2 b5 17. Rfc1 Bb7 18. f3 Qb6 19. g4 Nd7 20. e3 Bd6 21. Bg3 Bxg3 22.
hxg3 Qd6 23. f4 Nb6 24. b3 Rc6 25. Nd1 Rfc8 26. Nb2 Rxc2 27. Rxc2 Rxc2 28. Qxc2
Qc6 29. Qd2 Nd7 30. Nd3 g6 31. g5 Kg7 32. Kf2 Qb6 33. Qc3 Qc6 34. Nc5 a5 35. a3
1-0

[Event "Indywidualne Mistrzostwa Polski Juniorow do lat 18 - Chlopcy"]
[Site "Szklarska Poreba"]
[Date "1899-12-30"]
[Round "2.19"]
[White "Majocha, Piotr"]
[Black "Kaminski, Maciej"]
[Result "1/2-1/2"]
[WhiteTitle "I+"]
[BlackTitle "I++"]
[WhiteElo "2028"]
[BlackElo "1796"]

1. c4 Nf6 2. Nf3 g6 3. g3 Bg7 4. Bg2 O-O 5. O-O d6 6. d4 Nc6 7. Nc3 Rb8 8. a3 Bg4
9. h3 Bxf3 10. Bxf3 Nd7 11. e3 e5 12. d5 Ne7 13. Bg2 f5 14. e4 f4 15. g4 a5 16.
f3 h5 17. Bd2 hxg4 18. hxg4 c6 19. Be1 Nc8 20. Bf2 Bf6 21. Qe2 Kg7 22. Rfd1 Bh4
23. Bxh4 Qxh4 24. Qf2 Qxf2+ 25. Kxf2 c5 26. b3 Na7 27. Bf1 g5 28. Bd3 Rh8 29.
Rh1 Rxh1 30. Rxh1 Rh8 31. Rxh8 Kxh8 32. Be2 Nb6 33. Ke1 Kg7 34. Kd2 Kf7 35. Nd1
Na8 36. Nc3 Nc7 37. Kc2 Na6 38. Kd2 b6 39. Kc2 Ke7 40. Kd2 Nc8 1/2-1/2

[Event "Indywidualne Mistrzostwa Polski Juniorow do lat 18 - Chlopcy"]
[Site "Szklarska Poreba"]
[Date "1899-12-30"]
[Round "2.20"]
[White "Hrymowicz, Artur"]
[Black "Kukula, Karol"]
[Result "1-0"]
[WhiteTitle "I++"]
[BlackTitle "I"]
[WhiteElo "1991"]
[BlackElo "1785"]

1. e4 c5 2. Nf3 e6 3. d4 cxd4 4. Nxd4 Nf6 5. Nc3 Nc6 6. Ndb5 Bb4 7. a3 Bxc3+ 8.
Nxc3 d5 9. exd5 Nxd5 10. Bd2 O-O 11. Qh5 Nf6 12. Qh4 Qd4 13. Qxd4 Nxd4 14. O-O-O
e5 15. Nb5 Nxb5 16. Bxb5 a6 17. Bd3 e4 18. Bc4 Bf5 19. h3 Rac8 20. Bb3 h6 21.
g4 Bg6 22. Bc3 Rfd8 23. Rhg1 Nd7 24. h4 Nc5 25. Ba2 Na4 26. Rxd8+ Rxd8 27. Bb4
b5 28. h5 Bh7 29. g5 hxg5 30. Rxg5 Kh8 31. Bxf7 Rc8 32. c3 Rc7 33. Bb3 Nb6 34.
Bd6 Rd7 35. h6 Nc4 36. Bxc4 bxc4 37. Be5 Kg8 38. Bd4 Rc7 39. hxg7 Rc6 40. Rd5
Kf7 41. Rd8 Rg6 42. Rf8+ Ke7 43. Rh8 Rg1+ 44. Kd2 1-0

[Event "Indywidualne Mistrzostwa Polski Juniorow do lat 18 - Chlopcy"]
[Site "Szklarska Poreba"]
[Date "1899-12-30"]
[Round "2.21"]
[White "Goreczny, Tomasz"]
[Black "Ochowicz, Jakub"]
[Result "0-1"]
[WhiteTitle "I"]
[BlackTitle "I++"]
[WhiteElo "1784"]
[BlackElo "1988"]

1. e4 c5 2. Nc3 a6 3. g3 b5 4. Bg2 Bb7 5. d3 e6 6. f4 d5 7. exd5 exd5 8. Nf3 Nf6
9. O-O Be7 10. Ne5 O-O 11. Ne2 Qb6 12. c3 d4 13. cxd4 cxd4 14. g4 Bxg2 15. Kxg2
Qb7+ 16. Kg1 Nbd7 17. Ng3 Bd6 18. Nxd7 Qxd7 19. f5 Bxg3 20. hxg3 Rfe8 21. Qf3
Rac8 22. g5 Nd5 23. f6 Rc2 24. Bf4 Ree2 25. Rae1 Rg2+ 26. Qxg2 Rxg2+ 27. Kxg2
gxf6 28. gxf6 Nxf6 29. Rf2 Qd5+ 30. Kg1 Ng4 31. Re8+ Kg7 32. Rfe2 Qxa2 33. Rc8
Qb1+ 34. Kg2 Qxd3 35. Ree8 Qf5 36. Rg8+ Kf6 37. Rc6+ Ke7 38. Rc7+ Ke6 39. Rd8
Ne3+ 40. Kf2 Ng4+ 41. Ke2 Qe4+ 42. Kd2 Qg2+ 43. Kd3 Ne5+ 44. Bxe5 Kxe5 45. Rc5+
Kf6 46. Rd6+ Kg7 47. Rxa6 Qxg3+ 48. Kxd4 Qf2+ 49. Kd5 Qxb2 50. Rb6 b4 51. Rcb5
h5 52. Rxb4 Qd2+ 53. Ke5 f6+ 54. Ke6 Qe3+ 55. Kd6 Kg6 56. Rb8 Qe5+ 57. Kd7 Kf7
58. R8b7 Qd5+ 59. Kc8+ Kg6 60. Rc7 Qf5+ 61. Kb7 Qf3+ 62. Kc8 Qa8+ 63. Kd7 Qa5
64. Rbc4 Qd2+ 65. Ke6 Qe1+ 66. Kd5 h4 67. Rc8 Qe5+ 68. Kc6 f5 69. Kd7 Qd5+ 70.
Ke7 h3 71. Rc2 h2 72. R8c6+ Kg5 73. Rxh2 Qe5+ 0-1

[Event "Indywidualne Mistrzostwa Polski Juniorow do lat 18 - Chlopcy"]
[Site "Szklarska Poreba"]
[Date "1899-12-30"]
[Round "2.22"]
[White "Paliwoda, Borys"]
[Black "Iwanczuk, Krzysztof"]
[Result "1/2-1/2"]
[WhiteTitle "I+"]
[BlackTitle "I"]
[WhiteElo "1974"]
[BlackElo "1749"]

1. e4 c5 2. Nf3 g6 3. d4 cxd4 4. Nxd4 Bg7 5. c4 Nc6 6. Be3 Nf6 7. Nc3 d6 8. f3
O-O 9. Be2 Bd7 10. Nb3 Rc8 11. Rc1 Ne5 12. Nd2 Qa5 13. h3 Be6 14. b3 Nh5 15. Ndb1
Ng3 16. Rg1 a6 17. Kf2 Nxe2 18. Qxe2 f5 19. Nd5 Bxd5 20. exd5 f4 21. Bd2 Qxa2
22. Rgd1 Qxb3 23. Rc3 Qb6+ 24. Kf1 g5 25. Na3 Ng6 26. Rb1 Qc7 27. Rcb3 Rb8 28.
Qf2 Ne5 29. Qb6 Qd7 30. Bc3 Qf5 31. Bxe5 Bxe5 32. Qc7 Bf6 33. Ke2 Qe5+ 34. Kf1
b5 35. Qc6 Rbc8 36. Qxa6 bxc4 37. Nxc4 Qxd5 38. Nb6 Qc6 39. Qa2 Kg7 40. Nxc8 Rxc8
41. Qe2 Qc4 42. Qxc4 Rxc4 43. Rd3 Bd4 44. Ke2 Be3 45. Rb2 Bd4 46. Ra2 Kg6 47.
Rb3 Rc1 48. Kd3 Bc5 49. Re2 e5 50. Rb7 Ra1 51. Rc2 h5 52. Rb8 Ra7 53. Ke4 Ra4+
54. Kd5 Kf7 55. Rcb2 Rd4+ 56. Kc6 e4 57. R2b7+ Kg6 58. Rg8+ Kf6 59. Rf8+ Kg6 60.
Rbf7 exf3 61. gxf3 Rd3 62. Rf6+ Kg7 63. R8f7+ Kg8 64. Rb7 Rxf3 65. Rg6+ Kh8 66.
Rh6+ Kg8 67. Rg6+ Kf8 68. Rgg7 Re3 69. Rgf7+ Kg8 70. Rg7+ Kf8 71. Rgf7+ Ke7 72.
Rfxe7 1/2-1/2

[Event "Indywidualne Mistrzostwa Polski Juniorow do lat 18 - Chlopcy"]
[Site "Szklarska Poreba"]
[Date "1899-12-30"]
[Round "3.1"]
[White "Kozak, Antoni"]
[Black "Psyk, Radoslaw"]
[Result "1/2-1/2"]
[WhiteTitle "k"]
[BlackTitle "k++"]
[WhiteElo "2343"]
[BlackElo "2315"]

1. d4 d5 2. c4 e6 3. Nc3 Nf6 4. cxd5 exd5 5. Bg5 Be7 6. e3 c6 7. Qc2 Nbd7 8. Bd3
Nh5 9. Bxe7 Qxe7 10. Nge2 g6 11. O-O-O Nb6 12. Kb1 Ng7 13. Ng3 Be6 14. Rc1 O-O
15. h4 h5 16. Nge2 Qf6 17. Nf4 Bf5 18. Rcg1 Nd7 19. Bxf5 Qxf5 20. Qxf5 gxf5 21.
Kc2 Nf6 22. f3 Rfe8 23. Kd2 Re7 24. Rc1 Kh7 25. Nce2 Nfe8 26. Ng3 Nd6 27. b3 Kh6
28. Rhe1 Rae8 29. Nd3 Ne6 30. Ne2 Nb5 31. Nef4 Nxf4 32. Nxf4 Nc7 33. Nd3 Ne6 34.
Rb1 f4 35. Nxf4 Nxf4 36. exf4 Rxe1 37. Rxe1 Rxe1 38. Kxe1 f5 39. a4 a5 40. Kd2
Kg6 41. Ke3 1/2-1/2

[Event "Indywidualne Mistrzostwa Polski Juniorow do lat 18 - Chlopcy"]
[Site "Szklarska Poreba"]
[Date "1899-12-30"]
[Round "3.2"]
[White "Godzwon, Iwo"]
[Black "Kokoszczynski, Jan"]
[Result "1/2-1/2"]
[WhiteTitle "FM"]
[BlackTitle "k"]
[WhiteElo "2322"]
[BlackElo "2239"]

1. d4 Nf6 2. c4 e6 3. Nf3 b6 4. g3 Ba6 5. b3 Bb4+ 6. Bd2 Be7 7. Nc3 O-O 8. e4 d5
9. e5 Ne4 10. Bd3 Nxc3 11. Bxc3 c5 12. dxc5 Bxc5 13. cxd5 Qxd5 14. Bxa6 Qxd1+
15. Rxd1 Nxa6 16. Ke2 Rfd8 17. Nd2 Nc7 18. Ne4 Nd5 19. Bb2 Be7 20. Nc3 Nxc3+ 21.
Bxc3 Kf8 22. f4 Ke8 23. h3 Rdc8 24. Bd4 Rc2+ 25. Rd2 Rac8 26. Kd3 R2c7 27. Rhh2
Rc1 28. Ke4 Bb4 29. Rde2 Ke7 30. Be3 R1c7 31. Rhg2 1/2-1/2

[Event "Indywidualne Mistrzostwa Polski Juniorow do lat 18 - Chlopcy"]
[Site "Szklarska Poreba"]
[Date "1899-12-30"]
[Round "3.3"]
[White "Chylewski, Patryk"]
[Black "Kosakowski, Jakub"]
[Result "1/2-1/2"]
[WhiteTitle "FM"]
[BlackTitle "FM"]
[WhiteElo "2312"]
[BlackElo "2389"]

1. c4 g6 2. Nc3 Bg7 3. d4 Nf6 4. e4 O-O 5. Nf3 d6 6. Be2 e5 7. O-O Nc6 8. dxe5
dxe5 9. Bg5 Qxd1 10. Rfxd1 h6 11. Be3 b6 12. Rac1 Bb7 13. Bd3 Rad8 14. Nd5 Ne8
15. c5 Nd4 16. Bxd4 Bxd5 17. Bxe5 Bxa2 18. Bb5 Rxd1+ 19. Rxd1 bxc5 20. Ra1 Be6
21. Rxa7 Nd6 22. Bc6 Rb8 23. Rxc7 Bxe5 24. Nxe5 Rxb2 25. f3 Nc4 26. Nxc4 Bxc4
27. Bd7 Rb1+ 28. Kf2 Rb2+ 29. Kg1 Rb1+ 30. Kf2 Rb2+ 1/2-1/2

[Event "Indywidualne Mistrzostwa Polski Juniorow do lat 18 - Chlopcy"]
[Site "Szklarska Poreba"]
[Date "1899-12-30"]
[Round "3.4"]
[White "Nowak, Mikolaj"]
[Black "Oglaza, Oskar"]
[Result "1/2-1/2"]
[WhiteTitle "I++"]
[BlackTitle "FM"]
[WhiteElo "2254"]
[BlackElo "2342"]

1. d4 Nf6 2. c4 g6 3. g3 Bg7 4. Bg2 d5 5. cxd5 Nxd5 6. e4 Nb6 7. Ne2 c5 8. d5 O-O
9. O-O e6 10. Nec3 Na6 11. Na3 exd5 12. exd5 Re8 13. Be3 Bf5 14. Qd2 Qd7 15. Rfe1
Rac8 16. Bh6 Nb4 17. Bxg7 Kxg7 18. b3 h5 19. Rxe8 Rxe8 20. Rd1 Nd3 21. Nc2 Ne5
22. Ne3 Bg4 23. Nxg4 Qxg4 24. Qe3 Qc8 25. Ne4 Qg4 26. f3 Qd7 27. Qxc5 f5 28. Ng5
Kh6 29. Qc1 Kg7 30. Ne6+ Kh7 31. Nc5 Qg7 32. Ne6 Qd7 33. Nc5 Qg7 34. d6 Qf6 35.
Qd2 Rc8 36. Qd4 Nbd7 37. Nxd7 Nxd7 38. Qxf6 Nxf6 39. f4 b6 40. Re1 Rd8 41. Re7+
Kh6 42. Rxa7 Rxd6 43. Bf3 Rd3 44. Kf2 Rd2+ 45. Be2 h4 46. Ke3 Rc2 47. gxh4 Nd5+
48. Kf3 1/2-1/2

[Event "Indywidualne Mistrzostwa Polski Juniorow do lat 18 - Chlopcy"]
[Site "Szklarska Poreba"]
[Date "1899-12-30"]
[Round "3.5"]
[White "Fus, Jakub"]
[Black "Wierzbicki, Michal"]
[Result "1-0"]
[WhiteTitle "FM"]
[BlackTitle "I+"]
[WhiteElo "2339"]
[BlackElo "1919"]

1. c4 e6 2. Nf3 Nf6 3. Nc3 b6 4. e3 Bb7 5. b3 Be7 6. Bb2 O-O 7. Rg1 d5 8. g4 c5
9. g5 Nfd7 10. cxd5 exd5 11. d4 cxd4 12. Qxd4 Nc6 13. Qf4 Nc5 14. O-O-O Bd6 15.
Qf5 Ne7 16. Qg4 a5 17. Bb5 Qc7 18. Kb1 Rfc8 19. Rc1 Qb8 20. Nd4 Be5 21. h4 Rc7
22. Rgd1 Qc8 23. Qe2 Ne6 24. Na4 Bxd4 25. exd4 Rxc1+ 26. Rxc1 Qd8 27. Rf1 Qd6
28. f4 Nf5 29. Qd3 g6 30. Nc3 Nxf4 31. Qd2 Ne6 32. Bd3 Neg7 33. h5 Bc8 34. h6
Ne8 35. Nb5 Qd8 36. Qf4 Ned6 37. Qe5 Nxb5 38. Rxf5 f6 39. Rxf6 1-0

[Event "Indywidualne Mistrzostwa Polski Juniorow do lat 18 - Chlopcy"]
[Site "Szklarska Poreba"]
[Date "1899-12-30"]
[Round "3.6"]
[White "Sernecki, Franciszek"]
[Black "Brozyna, Mateusz"]
[Result "0-1"]
[WhiteTitle "I++"]
[BlackTitle "k"]
[WhiteElo "2334"]
[BlackElo "2180"]

1. d4 Nf6 2. Nf3 g6 3. e3 Bg7 4. Be2 O-O 5. O-O d5 6. c4 c5 7. Nc3 Nc6 8. dxc5
dxc4 9. Bxc4 Qa5 10. Nd4 Qxc5 11. Nxc6 Qxc6 12. Qb3 Qb6 13. e4 Qxb3 14. Bxb3 Bd7
15. f3 Bc6 16. Be3 e6 17. Rfd1 Rfc8 18. Rd2 Bf8 19. a3 Nd7 20. Rad1 Nc5 21. Bc2
b6 22. Ne2 e5 23. Nc3 Ne6 24. Nd5 Bxd5 25. exd5 Bc5 26. Bxc5 Nxc5 27. b4 Nb7 28.
Ba4 Nd6 29. Bc6 Rab8 30. Re2 f6 31. b5 Kf7 32. g4 h6 33. Kf2 Ke7 34. h3 Nf7 35.
f4 Kd6 36. fxe5+ Nxe5 37. Kg3 Rc7 38. Rde1 Rf8 39. a4 Re7 40. Rf1 f5 41. Ref2
Ref7 42. gxf5 gxf5 43. Rf4 Ng6 44. R4f2 f4+ 45. Kf3 Ne5+ 46. Ke4 f3 47. Rg1 Rf4+
48. Ke3 Rxa4 49. Rg7 Rff4 50. Rf1 f2 51. Rg3 Rae4+ 52. Kd2 Nf3+ 53. Kd3 Ne5+ 54.
Kd2 Nc4+ 55. Kd3 Rd4+ 56. Kc3 Nd2 57. Rxf2 Nb1+ 58. Kc2 Rxf2+ 59. Kxb1 Rd1# 0-1